|
|
|
|
| LEADER |
00000nam0a2200000 4500 |
| 001 |
340064 |
| 005 |
20231102005212.0 |
| 035 |
|
|
|a (RuTPU)RU\TPU\book\366630
|
| 090 |
|
|
|a 340064
|
| 100 |
|
|
|a 20180209d1971 km y0rusy50 ca
|
| 101 |
1 |
|
|a rus
|c eng
|
| 102 |
|
|
|a RU
|
| 105 |
|
|
|a a z 001zy
|
| 200 |
1 |
|
|a Разложение гербицидов
|d Degradation of herbicides
|e пер. с англ.
|f под ред. П. Керни, Д. Кауфмана
|
| 210 |
|
|
|a Москва
|c Мир
|d 1971
|
| 215 |
|
|
|a 358 с.
|c ил.
|
| 320 |
|
|
|a Библиография в конце глав
|
| 510 |
1 |
|
|a Degradation of herbicides
|z eng
|
| 606 |
1 |
|
|a Удобрения
|x Сельское хозяйство
|2 stltpush
|3 (RuTPU)RU\TPU\subj\62954
|9 80009
|
| 610 |
1 |
|
|a феноксиалкилкарбоновые кислоты
|
| 610 |
1 |
|
|a симм-триазины
|
| 610 |
1 |
|
|a замещенные мочевины
|
| 610 |
1 |
|
|a метилкарбаматы
|
| 610 |
1 |
|
|a фенилкарбаматы
|
| 610 |
1 |
|
|a тиокарбаматы
|
| 610 |
1 |
|
|a хлорацетамиды
|
| 610 |
1 |
|
|a амитрол
|
| 610 |
1 |
|
|a алифатические кислоты
|
| 610 |
1 |
|
|a трифлоралин
|
| 610 |
1 |
|
|a толуидины
|
| 610 |
1 |
|
|a дикват
|
| 610 |
1 |
|
|a паракват
|
| 610 |
1 |
|
|a бензойная кислота
|
| 610 |
1 |
|
|a фотохимические реакции
|
| 610 |
1 |
|
|a метаболизм
|
| 610 |
1 |
|
|a биохимические механизмы
|
| 610 |
1 |
|
|a ферментативные механизмы
|
| 675 |
|
|
|a 631.8
|v 4
|
| 702 |
|
1 |
|a Керни
|b П.
|4 340
|
| 702 |
|
1 |
|a Кауфман
|b Д.
|4 340
|
| 801 |
|
1 |
|a RU
|b 63413507
|c 20180209
|
| 801 |
|
2 |
|a RU
|b 63413507
|c 20180212
|g RCR
|
| 942 |
|
|
|c BK
|